000 00463nam a2200181Ia 4500
008 151202s9999||||xx |||||||||||||| ||und||
082 _bPNVM-80439
100 _aCOLLINS .L/LAPIERRE .D.
245 _aIS PARIS BURNING.
260 _bVIKAS PUBLISHING HOUSE.
260 _c1965
300 _a408
600 _aCOLLINS .L/LAPIERRE .D.
630 _aIS PARIS BURNING.
700 _aCOLLINS .L/LAPIERRE .D.
730 _aIS PARIS BURNING.
942 _cBOOK
999 _c1345047
_d1345044